| 000 | 00332nam a2200145Ia 4500 | ||
|---|---|---|---|
| 003 | SGT | ||
| 082 |
_a1.4 _bKUM |
||
| 100 | _aKUMAR,RANJIT | ||
| 245 | _aRESEARCH METHODOLOGY | ||
| 250 | _a2nd Ed. | ||
| 260 |
_bPEARSON _aNEW DELHI _c2006 |
||
| 300 | _a332p. | ||
| 650 | _aRESEARCH METHODOLOGY, RESEARCH ANALYSIS | ||
| 942 |
_2ddc _cFCM _030 |
||
| 999 |
_c6358 _d6358 |
||